000 00667nam a2200241 i 4500
001 C2-0224748
003 PPAK
005 20180728153201.0
008 000513s1947 enka|||| ||||| | eng d
040 _aPPAK
_beng
_cPPAK
_erda
082 0 4 _a426.6
_223
090 0 0 _a426.6
_bWES
_dKSA
700 1 _aCheeseman, H. R.,
_eauthor
100 1 _aWest, Michael,
_eauthor
245 1 4 _aThe new method Malayan readers
264 1 _aLondon :
_bLongmans ,
_c1947
300 _a95 pages :
_billustrations ;
_c18 cm
336 _2rdacontent
_atext
337 _2rdamedia
_aunmediated
338 _2rdacarrier
_avolume
650 1 0 _aReaders (elementary).
942 _ddc
_cB
999 _c145601
_d145601